Primitive Thinking : Figuring Alterity in German Modernity.

Bibliographic Details
Main Author: Gess, Nicola.
Other Authors: Butler, Erik., Solomon, Susan.
Format: eBook
Language:English
Published: Berlin/Boston : Walter de Gruyter GmbH, 2022.
Edition:1st ed.
Series:Paradigms Series
Subjects:
Online Access:Click to View
LEADER 01526nam a22003973i 4500
001 EBC7076310
003 MiAaPQ
005 20231204023226.0
006 m o d |
007 cr cnu||||||||
008 231204s2022 xx o ||||0 eng d
020 |a 9783110695090  |q (electronic bk.) 
035 |a (MiAaPQ)EBC7076310 
035 |a (Au-PeEL)EBL7076310 
035 |a (OCoLC)1343249399 
040 |a MiAaPQ  |b eng  |e rda  |e pn  |c MiAaPQ  |d MiAaPQ 
082 0 |a 830.9145 
100 1 |a Gess, Nicola. 
245 1 0 |a Primitive Thinking :  |b Figuring Alterity in German Modernity. 
250 |a 1st ed. 
264 1 |a Berlin/Boston :  |b Walter de Gruyter GmbH,  |c 2022. 
264 4 |c Ã2022. 
300 |a 1 online resource (404 pages) 
336 |a text  |b txt  |2 rdacontent 
337 |a computer  |b c  |2 rdamedia 
338 |a online resource  |b cr  |2 rdacarrier 
490 1 |a Paradigms Series ;  |v v.13 
588 |a Description based on publisher supplied metadata and other sources. 
590 |a Electronic reproduction. Ann Arbor, Michigan : ProQuest Ebook Central, 2023. Available via World Wide Web. Access may be limited to ProQuest Ebook Central affiliated libraries.  
655 4 |a Electronic books. 
700 1 |a Butler, Erik. 
700 1 |a Solomon, Susan. 
776 0 8 |i Print version:  |a Gess, Nicola  |t Primitive Thinking  |d Berlin/Boston : Walter de Gruyter GmbH,c2022 
797 2 |a ProQuest (Firm) 
830 0 |a Paradigms Series 
856 4 0 |u https://ebookcentral.proquest.com/lib/matrademy/detail.action?docID=7076310  |z Click to View